[Event "AUS-ch"]
[Site "Perth"]
[Date "1978.01.09"]
[Round "12"]
[White "Shaw, Terrey Ian"]
[Black "Woodhams, Michael"]
[Result "0-1"]
[WhiteElo "2235"]
[BlackElo "2240"]
[PlyCount "80"]
[EventDate "1977.12.??"]
[SourceDate "2001.09.18"]

1. e4 Nc6 2. Nc3 e6 3. d4 Bb4 4. Nf3 d6 5. Bc4 Nge7 6. O-O Bxc3 7. bxc3 O-O 8.
Qe2 b6 9. Bf4 Ng6 10. Bg3 Na5 11. Bd3 f5 12. exf5 exf5 13. h4 Re8 14. Qd2 Qf6
15. h5 Nh8 16. Qf4 Nf7 17. Rfe1 Bd7 18. Bh4 Qh6 19. Bg5 Nxg5 20. Nxg5 Qxh5 21.
Rxe8+ Rxe8 22. Bxf5 Bxf5 23. Qxf5 Qg6 24. Qxg6 hxg6 25. f4 Nc4 26. Kf2 Na3 27.
Re1 Rxe1 28. Kxe1 Nxc2+ 29. Kd2 Na3 30. d5 Nc4+ 31. Kd3 Na5 32. Ne6 c5 33. c4
Nb7 34. g4 Kf7 35. g5 Na5 36. Nc7 Nb7 37. Nb5 a6 38. Nc7 Ke7 39. Ne6 Nd8 40.
Nxg7 Kf7 0-1

[Event "AUS-ch"]
[Site "Perth"]
[Date "1978.01.09"]
[Round "12"]
[White "West, Guy"]
[Black "Fuller, Maxwell L"]
[Result "0-1"]
[WhiteElo "2070"]
[BlackElo "2325"]
[PlyCount "50"]
[EventDate "1977.12.??"]
[SourceDate "2001.09.18"]

1. e4 c5 2. Nf3 Nc6 3. Bb5 Qb6 4. Na3 e6 5. Qe2 Nge7 6. c3 a6 7. Ba4 Qc7 8. d4
cxd4 9. O-O dxc3 10. Rd1 Ng6 11. bxc3 Bxa3 12. Bxa3 Qa5 13. Qd2 Qxa4 14. Qd6
Qxe4 15. Qc7 Qf4 16. Bd6 Qf6 17. Qb6 Nge7 18. Nd4 Nxd4 19. cxd4 O-O 20. Rd3 Re8
21. Rf3 Nf5 22. Re1 Qxd4 23. Bc5 Qd5 24. Qc7 d6 25. Be3 e5 0-1

[Event "AUS-ch"]
[Site "Perth"]
[Date "1978.01.10"]
[Round "13"]
[White "Fuller, Maxwell L"]
[Black "Prods, Arvids"]
[Result "0-1"]
[WhiteElo "2325"]
[BlackElo "2165"]
[PlyCount "68"]
[EventDate "1977.12.??"]
[SourceDate "2001.09.18"]

1. d4 Nf6 2. c4 e6 3. Nf3 b6 4. e3 Bb7 5. Bd3 Be7 6. Nc3 c5 7. O-O O-O 8. d5 d6
9. e4 e5 10. Ne1 Nbd7 11. g3 Re8 12. f4 exf4 13. gxf4 Bf8 14. Nf3 b5 15. Nxb5
Nxe4 16. Bxe4 Rxe4 17. Ng5 Re8 18. Qh5 h6 19. Qxf7+ Kh8 20. Ne6 Qh4 21. Qxd7
Qg4+ 22. Kh1 Re7 23. Qxd6 Rxe6 24. Qd7 Rd8 25. Qxd8 Re2 26. Qxf8+ Kh7 27. Qxg7+
Qxg7 28. Rg1 Qe7 29. Nc3 Rc2 30. Rd1 Qh4 31. Bd2 Qf2 32. f5 Bc8 33. Rac1 Bxf5
34. Rxc2 Bg4 0-1

[Event "AUS-ch"]
[Site "Perth"]
[Date "1978.01.10"]
[Round "13"]
[White "Hjorth, Gregory"]
[Black "Jordan, William"]
[Result "1-0"]
[WhiteElo "1880"]
[BlackElo "2070"]
[PlyCount "51"]
[EventDate "1977.12.??"]
[SourceDate "2001.09.18"]

1. d4 Nf6 2. Bg5 Ne4 3. Bf4 d5 4. f3 Nf6 5. Nc3 Bf5 6. e4 dxe4 7. fxe4 Nxe4 8.
Qf3 Nxc3 9. bxc3 Qc8 10. Bc4 e6 11. Ne2 Nd7 12. O-O Bd6 13. Rab1 O-O 14. Rxb7
Nf6 15. Bd3 Bxd3 16. cxd3 Bxf4 17. Nxf4 c5 18. dxc5 Qxc5+ 19. d4 Qa5 20. Rxf7
Kxf7 21. Qb7+ Kg8 22. Nxe6 Nh5 23. Nxf8 Rd8 24. Qf7+ Kh8 25. Ne6 Rg8 26. Qxg8+
1-0

[Event "AUS-ch"]
[Site "Perth"]
[Date "1978.01.10"]
[Round "13"]
[White "Jamieson, Robert Murray"]
[Black "Pope, Arthur"]
[Result "1/2-1/2"]
[WhiteElo "2325"]
[BlackElo "2145"]
[PlyCount "91"]
[EventDate "1977.12.??"]
[SourceDate "2001.09.18"]

1. e4 g6 2. d4 Bg7 3. Nf3 d6 4. Nc3 Nf6 5. Be2 O-O 6. O-O Bg4 7. Be3 Nc6 8. Nd2
Bxe2 9. Qxe2 Nd7 10. Nb3 e5 11. d5 Ne7 12. Rfd1 f5 13. f3 f4 14. Bf2 g5 15. Na5
b6 16. Nc6 Nxc6 17. dxc6 Nf6 18. a4 a5 19. Qc4+ Rf7 20. h3 Bf8 21. Kf1 Kg7 22.
Ke2 h5 23. Nd5 Nxd5 24. Rxd5 Be7 25. c3 g4 26. hxg4 hxg4 27. Rh1 Bg5 28. fxg4
Qc8 29. Kf3 Qe6 30. Rh5 Be7 31. Qf1 Rg8 32. Qh1 Kf8 33. Qh3 Rfg7 34. Rf5+ Ke8
35. g5 Rg6 36. Qh5 Kd8 37. Bh4 Kc8 38. b4 axb4 39. cxb4 Bd8 40. a5 Qe8 41. b5
bxa5 42. Kf2 Kb8 43. Rd3 Qe6 44. Rd5 Qe8 45. Rd3 Qe6 46. Rd5 1/2-1/2

[Event "AUS-ch"]
[Site "Perth"]
[Date "1978.01.10"]
[Round "13"]
[White "Kellner, John Vincent"]
[Black "Rogers, Ian"]
[Result "0-1"]
[WhiteElo "2140"]
[BlackElo "2180"]
[PlyCount "62"]
[EventDate "1977.12.??"]
[SourceDate "2001.09.18"]

1. e4 c5 2. Nf3 Nc6 3. d4 cxd4 4. Nxd4 g6 5. Be3 Bg7 6. Nc3 Nf6 7. f3 O-O 8.
Qd2 d5 9. Rd1 Nxd4 10. Bxd4 dxe4 11. fxe4 b6 12. Be2 Bb7 13. Bf3 Qd7 14. O-O
Rad8 15. Qe2 Qe6 16. Rfe1 Rfe8 17. Nb5 Ba6 18. a4 Qc8 19. c4 Bxb5 20. axb5 Rxd4
21. Rxd4 Qc5 22. Qe3 Ng4 23. Rd8 Nxe3 24. Rxe8+ Bf8 25. b4 Qd4 26. Kh1 Kg7 27.
h3 e6 28. Ra8 Bxb4 29. Rb1 Bd6 30. Rxa7 Qe5 31. Kg1 Nxc4 0-1

[Event "AUS-ch"]
[Site "Perth"]
[Date "1978.01.10"]
[Round "13"]
[White "Partis, Michael"]
[Black "Hamilton, Douglas Gibson"]
[Result "1-0"]
[WhiteElo "2060"]
[BlackElo "2105"]
[PlyCount "105"]
[EventDate "1977.12.??"]
[SourceDate "2001.09.18"]

1. e4 e5 2. Bc4 Nf6 3. Nf3 Nc6 4. d4 exd4 5. e5 d5 6. Bb5 Ne4 7. Nxd4 Bc5 8.
O-O Bd7 9. Nb3 Bb6 10. Qxd5 Nxf2 11. Nc5 Bxc5 12. Qxc5 Ne4 13. Qd5 Qe7 14. Be3
f5 15. exf6 Nxf6 16. Qc5 Qxc5 17. Bxc5 O-O-O 18. Nc3 a6 19. Bd3 Rhe8 20. Rad1
Ne5 21. Bf5 Bxf5 22. Rxd8+ Kxd8 23. Rxf5 Nc4 24. b3 Ne3 25. Bxe3 Rxe3 26. Nd1
Re2 27. Rf2 Re5 28. Rd2+ Ke7 29. h3 Ne4 30. Rd3 Ke6 31. Nf2 Nf6 32. Rd2 Re1+
33. Kh2 h5 34. Nd3 Ne4 35. Nxe1 Nxd2 36. Nd3 g5 37. Nc5+ Kd5 38. Nxb7 h4 39.
Kg1 Ne4 40. Kf1 Kd4 41. Ke2 Ke5 42. Kf3 Kf5 43. b4 Nd2+ 44. Ke3 Nc4+ 45. Kf2 g4
46. Nc5 g3+ 47. Kf3 a5 48. bxa5 Nxa5 49. Nb3 Nc6 50. a4 Nb4 51. c3 Na6 52. Nd4+
Kg5 53. Ke3 1-0

[Event "AUS-ch"]
[Site "Perth"]
[Date "1978.01.10"]
[Round "13"]
[White "Shaw, Terrey Ian"]
[Black "Barber, Haydn J"]
[Result "1-0"]
[WhiteElo "2235"]
[BlackElo "2065"]
[PlyCount "99"]
[EventDate "1977.12.??"]
[SourceDate "2001.09.18"]

1. e4 c5 2. Nc3 Nc6 3. g3 g6 4. Bg2 Bg7 5. d3 d6 6. f4 e5 7. Nh3 Nge7 8. O-O f5
9. Kh1 O-O 10. Be3 h6 11. Qd2 Kh7 12. Rae1 b6 13. exf5 Bxf5 14. fxe5 dxe5 15.
Nf2 Qd7 16. h3 Rad8 17. g4 Be6 18. Nfe4 Nd5 19. Nxd5 Bxd5 20. Nc3 Be6 21. Be4
Ne7 22. Qe2 Nd5 23. Nxd5 Bxd5 24. Qg2 Bxe4 25. Qxe4 Rf7 26. Kg2 Rdf8 27. b3 Qe7
28. a4 Qh4 29. Rxf7 Rxf7 30. Re2 h5 31. Rf2 Rxf2+ 32. Bxf2 Qg5 33. Be3 Qh4 34.
Bf2 Qg5 35. Qe3 Qxe3 36. Bxe3 hxg4 37. hxg4 Kg8 38. Kf3 Kf7 39. Ke4 Ke6 40. a5
Bf8 41. axb6 axb6 42. b4 Be7 43. Bf2 Bf8 44. b5 Bg7 45. Bh4 Kd6 46. c4 Ke6 47.
Bd8 Kd6 48. Bxb6 Bf6 49. Ba7 Bg7 50. Bb8+ 1-0

[Event "AUS-ch"]
[Site "Perth"]
[Date "1978.01.10"]
[Round "13"]
[White "Woodhams, Michael"]
[Black "Purdy, John Spencer"]
[Result "1-0"]
[WhiteElo "2240"]
[BlackElo "2165"]
[PlyCount "71"]
[EventDate "1977.12.??"]
[SourceDate "2001.09.18"]

1. d4 d5 2. Nc3 Nf6 3. Bg5 Bf5 4. e3 Nbd7 5. Bd3 Bxd3 6. Qxd3 e6 7. Bxf6 Qxf6
8. Qb5 Qg6 9. Nf3 Qxg2 10. Ke2 Qg6 11. Ne5 Qh5+ 12. f3 O-O-O 13. Nc6 bxc6 14.
Qa6+ Kb8 15. Qxc6 Nb6 16. Nb5 Bd6 17. a4 Qg5 18. Rhg1 Qe7 19. a5 Qd7 20. Nxa7
Nc8 21. a6 Qxc6 22. Nxc6+ Ka8 23. Nxd8 Rxd8 24. Rxg7 Rf8 25. Rxh7 Be7 26. e4
Bf6 27. c3 Ne7 28. Rg1 Ka7 29. e5 Bh8 30. Rg5 Kxa6 31. Rgh5 Ng6 32. R5h6 Kb6
33. h4 Rg8 34. Rxf7 Nf8 35. Rh5 Rg2+ 36. Kf1 1-0

[Event "AUS-ch"]
[Site "Perth"]
[Date "1978.01.11"]
[Round "14"]
[White "Halpin, Patrick"]
[Black "Ballantyne, William"]
[Result "1-0"]
[WhiteElo "2075"]
[BlackElo "2050"]
[PlyCount "73"]
[EventDate "1977.12.??"]
[SourceDate "2001.09.18"]

1. b3 e5 2. Bb2 d6 3. e3 Be6 4. Be2 c6 5. Nf3 Nd7 6. c4 f5 7. Nc3 Qf6 8. O-O
O-O-O 9. d4 Ne7 10. d5 Bf7 11. dxc6 Nxc6 12. Nd5 Qh6 13. b4 g5 14. Qa4 g4 15.
Nd2 Rg8 16. b5 Nc5 17. Qa3 Ne7 18. Qxa7 Nxd5 19. cxd5 Bxd5 20. Nc4 Be4 21. Rfd1
Be7 22. Nb6+ Kc7 23. Rac1 g3 24. hxg3 Rxg3 25. Rxc5+ dxc5 26. Bxe5+ Bd6 27.
Na8+ Kc8 28. Nb6+ Kc7 29. Na8+ Kc8 30. Bxg3 Bxg3 31. Qxc5+ Bc6 32. Nb6+ Kc7 33.
Na8+ Kc8 34. fxg3 Rxd1+ 35. Bxd1 Kb8 36. bxc6 Kxa8 37. c7 1-0

[Event "AUS-ch"]
[Site "Perth"]
[Date "1978.01.11"]
[Round "14"]
[White "Hamilton, Douglas Gibson"]
[Black "Wettstein, Markus"]
[Result "1-0"]
[WhiteElo "2105"]
[BlackElo "2100"]
[PlyCount "59"]
[EventDate "1977.12.??"]
[SourceDate "2001.09.18"]

1. e4 c6 2. d4 d5 3. exd5 cxd5 4. c4 Nf6 5. Nc3 g6 6. Qb3 Bg7 7. cxd5 O-O 8. g3
e6 9. dxe6 Bxe6 10. Qxb7 Re8 11. Nge2 Nbd7 12. Bf4 Bc4 13. Bg2 Rc8 14. Bf3 Bxe2
15. Nxe2 Qa5+ 16. b4 Qf5 17. O-O g5 18. g4 Nxg4 19. Rac1 Rxc1 20. Bxc1 Ndf6 21.
Ng3 Qg6 22. Qb5 Qh6 23. Bxg4 Nxg4 24. Qxe8+ Bf8 25. Kg2 Qxh2+ 26. Kf3 Qh3 27.
Rh1 Nh2+ 28. Rxh2 g4+ 29. Ke2 Qxh2 30. Nf5 1-0

[Event "AUS-ch"]
[Site "Perth"]
[Date "1978.01.11"]
[Round "14"]
[White "Hjorth, Gregory"]
[Black "Kellner, John Vincent"]
[Result "1-0"]
[WhiteElo "1880"]
[BlackElo "2140"]
[PlyCount "67"]
[EventDate "1977.12.??"]
[SourceDate "2001.09.18"]

1. e4 e6 2. d4 d5 3. exd5 exd5 4. Nc3 c6 5. Bd3 Bd6 6. Qf3 Nd7 7. Nge2 Ngf6 8.
Bg5 h6 9. Bh4 Be7 10. O-O Nf8 11. Rae1 Ne6 12. Nd1 Bd7 13. Ne3 g5 14. Bg3 h5
15. Nf5 h4 16. Be5 g4 17. Qe3 Kf8 18. f4 Ng7 19. Nxe7 Qxe7 20. f5 Nge8 21. Nf4
Kg8 22. Ne6 Rh5 23. Qf4 Qb4 24. Nc7 Nh7 25. Nxa8 f6 26. Bd6 Nxd6 27. c3 Qxb2
28. Qxd6 h3 29. Re2 Qxc3 30. Qxd7 Qxd4+ 31. Kh1 Qxd3 32. Re8+ Nf8 33. Qe6+ Kh7
34. Qf7+ 1-0

[Event "AUS-ch"]
[Site "Perth"]
[Date "1978.01.11"]
[Round "14"]
[White "Prods, Arvids"]
[Black "Jamieson, Robert Murray"]
[Result "0-1"]
[WhiteElo "2165"]
[BlackElo "2325"]
[PlyCount "78"]
[EventDate "1977.12.??"]
[SourceDate "2001.09.18"]

1. f4 c5 2. Nf3 Nc6 3. g3 g6 4. Bg2 Bg7 5. O-O d6 6. d3 e6 7. e4 Nge7 8. a4 O-O
9. Na3 b6 10. Nc4 d5 11. Ne3 dxe4 12. dxe4 Ba6 13. Qxd8 Raxd8 14. Re1 Nd4 15.
c3 Nb3 16. Ra3 Nxc1 17. Rxc1 e5 18. fxe5 Bh6 19. Re1 Bxe3+ 20. Rxe3 Rd1+ 21.
Re1 Rxe1+ 22. Nxe1 Nc6 23. Nf3 Rd8 24. e6 Rd1+ 25. Kf2 fxe6 26. Bh3 e5 27. Be6+
Kg7 28. Bd5 Ne7 29. c4 Nxd5 30. cxd5 Kf6 31. Rc3 g5 32. g4 Rb1 33. Rc2 Ra1 34.
Rd2 Bc8 35. b3 Bxg4 36. Ne1 Rb1 37. Rd3 h5 38. h3 Rb2+ 39. Kg3 Be2 {Time} 0-1

[Event "AUS-ch"]
[Site "Perth"]
[Date "1978.01.11"]
[Round "14"]
[White "Rogers, Ian"]
[Black "Shaw, Terrey Ian"]
[Result "0-1"]
[WhiteElo "2180"]
[BlackElo "2235"]
[PlyCount "102"]
[EventDate "1977.12.??"]
[SourceDate "2001.09.18"]

1. e4 e5 2. Bc4 Nf6 3. Nf3 Nxe4 4. Nc3 Nc6 5. O-O Nf6 6. Re1 Be7 7. d4 exd4 8.
Nxd4 O-O 9. Nf5 d5 10. Nxe7+ Nxe7 11. Bg5 c6 12. Bxf6 gxf6 13. Bd3 Ng6 14. h4
f5 15. h5 Nf4 16. Re3 Qf6 17. Qd2 Kh8 18. Rae1 Be6 19. Rg3 Nxd3 20. cxd3 Rg8
21. Ne2 Rxg3 22. fxg3 Rg8 23. Qf4 h6 24. Kf2 Kh7 25. Qe3 b6 26. Nd4 Bd7 27. Nf3
Qxb2+ 28. Re2 Qg7 29. Qe7 Qxg3+ 30. Kf1 Be6 31. Qxa7 c5 32. Qxb6 c4 33. dxc4
dxc4 34. Qd4 Rb8 35. Re1 Ra8 36. a4 Qg7 37. Ra1 Ra5 38. Ra3 Qxd4 39. Nxd4 Bd7
40. Ne2 Rxa4 41. Rc3 Kg7 42. Kf2 Kf6 43. Re3 Bc6 44. Rg3 Ra2 45. Rc3 Bxg2 46.
Rxc4 Bb7 47. Kg3 Rxe2 48. Rc3 Kg5 49. Kh3 Bg2+ 50. Kh2 Be4+ 51. Kh3 f4 0-1

[Event "AUS-ch"]
[Site "Perth"]
[Date "1978.01.11"]
[Round "14"]
[White "Woodhams, Michael"]
[Black "Partis, Michael"]
[Result "1/2-1/2"]
[WhiteElo "2240"]
[BlackElo "2060"]
[PlyCount "87"]
[EventDate "1977.12.??"]
[SourceDate "2001.09.18"]

1. d4 d5 2. c4 e6 3. Nc3 Nf6 4. Bg5 Nbd7 5. cxd5 exd5 6. e3 c6 7. Qc2 Be7 8.
Bd3 O-O 9. f3 Nh5 10. h4 g6 11. g4 Ng7 12. Nh3 f5 13. O-O-O Nf6 14. Bxf6 Bxf6
15. g5 Be7 16. Nf4 Bd6 17. Ng2 Be6 18. Kb1 Qa5 19. Qa4 Qxa4 20. Nxa4 Rae8 21.
f4 Nh5 22. Rh3 Bf7 23. Rc1 Re7 24. Bf1 Rfe8 25. Nc5 Bxc5 26. Rxc5 Ng7 27. Rc3
Ne6 28. b4 Rc8 29. Rh1 Nc7 30. Bd3 Ne8 31. Rhc1 Nd6 32. Ra3 a6 33. Rac3 Rce8
34. Kc2 Nc4 35. Bxc4 dxc4 36. Kd2 Bd5 37. Ne1 b5 38. Ra3 a5 39. Nc2 Ra7 40.
bxa5 Rea8 41. Nb4 Rxa5 42. Rxa5 Rxa5 43. Rc3 Ra4 44. a3 1/2-1/2

[Event "AUS-ch"]
[Site "Perth"]
[Date "1978.01.13"]
[Round "15"]
[White "Di Renzo, Robert"]
[Black "Wettstein, Markus"]
[Result "1/2-1/2"]
[WhiteElo "1965"]
[BlackElo "2100"]
[PlyCount "36"]
[EventDate "1977.12.??"]
[SourceDate "2001.09.18"]

1. e4 c6 2. d4 d5 3. exd5 cxd5 4. Bd3 Nc6 5. c3 Qc7 6. h3 Nf6 7. Bg5 Ne4 8.
Bxe4 dxe4 9. Ne2 e5 10. d5 Na5 11. b3 f5 12. Bc1 b5 13. Ba3 Bd6 14. Qc1 Ba6 15.
Bxd6 Qxd6 16. Qa3 Nb7 17. Qxd6 Nxd6 18. a4 Bb7 1/2-1/2

[Event "AUS-ch"]
[Site "Perth"]
[Date "1978.01.13"]
[Round "15"]
[White "Jamieson, Robert Murray"]
[Black "Hjorth, Gregory"]
[Result "1-0"]
[WhiteElo "2325"]
[BlackElo "1880"]
[PlyCount "63"]
[EventDate "1977.12.??"]
[SourceDate "2001.09.18"]

1. Nf3 b6 2. g3 Bb7 3. Bg2 e5 4. d3 f5 5. O-O e4 6. Ne1 Nf6 7. c4 g6 8. Nc3 Bg7
9. Bg5 Qe7 10. dxe4 fxe4 11. Qc2 O-O 12. Bxf6 Bxf6 13. Nxe4 Bxb2 14. Rb1 d5 15.
cxd5 Bg7 16. Nc5 Bc8 17. d6 cxd6 18. Qe4 Qxe4 19. Nxe4 Be6 20. Nxd6 Bxa2 21.
Rc1 Nd7 22. Bxa8 Rxa8 23. Nd3 a5 24. Rc7 Nf6 25. Rb7 Nd5 26. e4 Nb4 27. Nc1 Bd4
28. Rd1 Bc5 29. Nxa2 Nxa2 30. Nf7 Bf8 31. Ng5 a4 32. Rdd7 1-0

[Event "AUS-ch"]
[Site "Perth"]
[Date "1978.01.13"]
[Round "15"]
[White "Partis, Michael"]
[Black "Fuller, Maxwell L"]
[Result "0-1"]
[WhiteElo "2060"]
[BlackElo "2325"]
[PlyCount "66"]
[EventDate "1977.12.??"]
[SourceDate "2001.09.18"]

1. d4 Nf6 2. Nf3 g6 3. Nbd2 d5 4. e3 Bg7 5. Bd3 O-O 6. c3 Nbd7 7. O-O c5 8. b4
b6 9. a4 e5 10. Be2 exd4 11. exd4 Ne4 12. Bb2 cxb4 13. cxb4 Re8 14. Bb5 Bb7 15.
Nxe4 dxe4 16. Ne5 Nxe5 17. dxe5 Re7 18. Qd6 Qxd6 19. exd6 Re6 20. Bxg7 Kxg7 21.
Rfd1 Rd8 22. d7 a6 23. Bxa6 Bxa6 24. b5 Bb7 25. Rac1 Kf8 26. Rc7 Ba8 27. Rc8
Ke7 28. Kf1 f5 29. Rdc1 Bb7 30. R1c6 Rxc6 31. Rxc6 Bxc6 32. bxc6 Kd6 33. c7
Kxc7 0-1

[Event "AUS-ch"]
[Site "Perth"]
[Date "1978.01.13"]
[Round "15"]
[White "Prods, Arvids"]
[Black "Shaw, Terrey Ian"]
[Result "0-1"]
[WhiteElo "2165"]
[BlackElo "2235"]
[PlyCount "208"]
[EventDate "1977.12.??"]
[SourceDate "2001.09.18"]

1. e4 e5 2. Nf3 Nc6 3. Bb5 a6 4. Ba4 Nf6 5. O-O Be7 6. Re1 b5 7. Bb3 d6 8. c3
O-O 9. h3 Na5 10. Bc2 c5 11. d4 Qc7 12. Nbd2 Nc6 13. d5 Nd8 14. Nf1 Ne8 15. a4
Rb8 16. g4 g6 17. Ng3 Ng7 18. axb5 axb5 19. Bh6 f6 20. Kh2 Nf7 21. Be3 Bd7 22.
b4 Ra8 23. Qd2 Qb7 24. Bd3 c4 25. Bc2 Rxa1 26. Rxa1 Ra8 27. Qd1 Ra6 28. Ng1 Bd8
29. Rxa6 Qxa6 30. Nf3 Bb6 31. Bxb6 Qxb6 32. Kg2 Qa7 33. Qd2 Qa2 34. Kh2 Ne8 35.
Kg2 Kg7 36. Ne1 Nc7 37. Qe3 Na8 38. Ne2 Qa1 39. Ng3 Qa6 40. Ne2 Nb6 41. Qc1 Nc8
42. Qe3 Ne7 43. Qg3 g5 44. Qe3 Ng6 45. Nf3 Qc8 46. Nh2 Nh4+ 47. Kg3 Qa6 48. Nf3
Ng6 49. Ne1 h5 50. f3 Qc8 51. Kg2 Qh8 52. Bd1 Kf8 53. Qf2 Ke7 54. Kg1 Qa8 55.
Kg2 Nh4+ 56. Kf1 Qa1 57. Bc2 Nh8 58. Qe3 N8g6 59. Kf2 Nh8 60. Qc1 Qa2 61. Qe3
Nf7 62. Nc1 Qa1 63. Ne2 Nh6 64. Qd2 Ng6 65. Bd1 Kf8 66. Ng2 Kg7 67. Ne1 Qa8 68.
Ng2 Ne7 69. Ng3 h4 70. Ne2 Nhg8 71. Bc2 Ng6 72. Ne1 N8e7 73. Qe3 Nc8 74. Kf1
Kf7 75. Kf2 Ke7 76. Ng2 Kd8 77. Qd2 Qa7+ 78. Kf1 Nb6 79. Qc1 Kc7 80. Ke1 Qa2
81. Qb1 Qa7 82. Qc1 Qa8 83. Kf1 Na4 84. Bd1 Qa7 85. Bc2 Nf4 86. Ngxf4 gxf4 87.
Kg2 Kd8 88. Qg1 Nb6 89. Qf2 Kc7 90. Qg1 Qa6 91. Qe1 Nc8 92. Qg1 Ne7 93. Qe1 Ng6
94. Qg1 Kd8 95. Qe1 Ke7 96. Qg1 Kf7 97. Qe1 Kg7 98. Qg1 Kh6 99. Qe1 Kg5 100.
Qg1 Ne7 101. Qe1 Be8 102. Qg1 Bg6 103. Qe1 Nxd5 104. exd5 Bxc2 0-1

[Event "AUS-ch"]
[Site "Perth"]
[Date "1978.01.13"]
[Round "15"]
[White "West, Guy"]
[Black "Halpin, Patrick"]
[Result "1-0"]
[WhiteElo "2070"]
[BlackElo "2075"]
[PlyCount "63"]
[EventDate "1977.12.??"]
[SourceDate "2001.09.18"]

1. e4 c5 2. g3 g6 3. Bg2 Bg7 4. c3 Nc6 5. Ne2 e5 6. O-O Nge7 7. d3 O-O 8. Be3
b6 9. d4 cxd4 10. cxd4 Ba6 11. d5 Nd4 12. Nbc3 Rc8 13. Nxd4 exd4 14. Bxd4 Bxd4
15. Qxd4 Bxf1 16. Bxf1 d6 17. Ba6 Rc7 18. f4 Qd7 19. Kg2 h5 20. Qf6 Kh7 21. Rd1
Ng8 22. Qd4 f6 23. Qd3 Qg7 24. Nb5 Rd7 25. Nd4 Qe7 26. Ne6 Rf7 27. Rc1 f5 28.
Bc8 fxe4 29. Qxe4 Nf6 30. Qd3 Rd8 31. Ng5+ Kg8 32. Be6 1-0

[Event "AUS-ch"]
[Site "Perth"]
[Date "1978.01.13"]
[Round "15"]
[White "Dozsa, Paul"]
[Black "Hanks, John N"]
[Result "0-1"]
[WhiteElo "2120"]
[BlackElo "2025"]
[PlyCount "80"]
[EventDate "1977.12.??"]
[SourceDate "2001.09.18"]

1. Nf3 Nf6 2. g3 d5 3. Bg2 Bf5 4. c4 c6 5. Qb3 Qc8 6. cxd5 cxd5 7. Nc3 e6 8. d3
Be7 9. Nh4 Bg4 10. h3 Bh5 11. g4 Bg6 12. Nxg6 hxg6 13. Bf4 Nc6 14. Rc1 O-O 15.
O-O Qd7 16. Na4 b6 17. e3 Na5 18. Qd1 Rac8 19. Rxc8 Rxc8 20. Nc3 Ne8 21. e4 g5
22. Bg3 d4 23. Ne2 Qb5 24. Nxd4 Qxb2 25. Qa4 Rd8 26. Nb3 Nxb3 27. axb3 Bc5 28.
h4 a5 29. hxg5 Kf8 30. g6 Rxd3 31. gxf7 Kxf7 32. Bh4 Qxb3 33. Qc6 Qc3 34. e5
Qxe5 35. Be4 Rd2 36. Re1 Qf4 37. Bd3 Qxg4+ 38. Kf1 Qh3+ 39. Kg1 Bxf2+ 40. Bxf2
Rxd3 0-1